|
|
|
|
| LEADER |
01283nam a2200265 i 4500 |
| 001 |
10036481 |
| 003 |
GR-PaULI |
| 005 |
20250107124411.0 |
| 008 |
000911s2007 gr g gre d |
| 952 |
|
|
|0 0
|1 0
|2 ddc
|4 0
|6 949_507000000000000_4_GRA
|7 0
|9 219807
|a LISP
|b LISP
|c DON
|d 2018-02-12
|e ΒΑΛ
|i 129513
|l 0
|o 949.507 4 GRA
|p 025000247465
|r 2018-02-12 00:00:00
|t 1
|y BK15
|
| 999 |
|
|
|c 133005
|d 133005
|
| 040 |
|
|
|a GR-PaULI
|b gre
|c GR-PaULI
|e AACR2
|
| 082 |
0 |
4 |
|a 949.507 4
|2 23
|
| 100 |
1 |
|
|a Grazzi, Emanuele,
|d 1891-1961
|e συγγραφέας
|9 8038
|
| 245 |
1 |
2 |
|a Η αρχή του τέλους :
|b η επιχείρηση κατά της Ελλάδος /
|c Εμμανουέλε Γκράτσι ; μετάφραση Χρυσώ Γκίκα.
|
| 250 |
|
|
|a 3η έκδ.
|
| 260 |
|
|
|a Αθήνα :
|b Εστία,
|c 2007.
|
| 300 |
|
|
|a 305, [2] σ. ;
|c 21 εκ.
|
| 490 |
1 |
|
|a Πολιτική και ιστορία / Εστία ;
|v 13
|
| 650 |
|
4 |
|9 6330
|a Παγκόσμιος πόλεμος, 1939-1945
|z Ελλάδα.
|
| 651 |
|
0 |
|a Ελλάδα
|x Πολιτική και διακυβέρνηση
|9 256
|
| 700 |
1 |
|
|a Γκίκα, Χρυσώ
|9 8039
|e μεταφράστρια
|
| 830 |
|
0 |
|a Πολιτική και ιστορία (Εστία)
|v 13.
|9 164648
|
| 942 |
|
|
|2 ddc
|c BK15
|
| 998 |
|
|
|c ΛΟΤΣΑΡΗ
|d 2018-02
|